000 01048nam a2200313 i 4500
001 bg
003 KOSZ 005
005 20200630132819.0
008 080330s1965 pl ab f f |000 0 pol
015 _aPB 1965/6390
040 _aWA N
_cKOSZ 005/HR
_dKOSZ 005/HR
080 _a528.48
080 _a(075.8)
100 1 _aNapierkowski, Zbigniew.
245 1 0 _aGeodezja dla wydziałów melioracji wodnych.
_nCz. 2,
_pPomiary wysokościowe /
_cZbigniew Napierkowski.
246 3 0 _aPomiary wysokościowe.
250 _aWyd. 2.
260 _aŁódź :
_bPaństwowe Wydawnictwo Naukowe,
_c1965.
300 _a178, [2] s. [2] k. tabl. :
_bil., mapy ;
_c 23 cm .
380 _aKsiążki
504 _aBibliogr.
658 _aInżynieria i technika
650 4 _aGeodezja
655 4 _aPodręczniki akademickie
650 4 _aNiwelacja
710 2 _aPaństwowe Wydawnictwo Naukowe
_4pbl.
856 _uhttp://koha.tu.koszalin.pl/cgi-bin/koha/opac-detail.pl?biblionumber=10586
_yKatalog online BPK
942 _2UKD
_cKS
999 _c10586
_d10586